000 00329nam a22001337a 4500
008 181019b xxu||||| |||| 00| 0 eng d
020 _a9781580087544
041 _aeng
080 _a371
100 _a46
101 _aEDU
245 _aLecture Notes a professor's inside guide to college success
_cFreeman,P
942 _2udc
_cBK
999 _c50270
_d50270